Statistics for Taylor Swift Midnights Complete the Lyrics

Click here to take the quiz!

General Stats

  • This quiz has been taken 527 times
  • The average score is 10 of 20

Answer Stats

LyricCompletion% Correct
Give me back my girlhoodIt was mine first
86%
I think there's been aGlitch
74%
I gave my bloodSweat and tears for this
72%
And he never thinks of meExcept when I'm on TV
71%
I'm damned if I doGive a damn what people say
68%
On the way homeI wrote a poem
60%
She had the envelopeWhere you think she got it from?
60%
Romance is not deadIf you keep it just yours
48%
Weave your little webs of opacityMy pennies made your crown
46%
Do I really have to chartThe constellations in his eyes
46%
When you aim at the devilMake sure you don't miss
41%
Some guy saidMy aura's moonstone
40%
Telling me to punish you for things you never didSo I justified it
40%
I'm the wind in our free flowing sailsAnd the liquor in our cocktails
39%
Everyone just expects me toBounce back
37%
Did some force take youBecause I didn't pray
34%
How the hell did weLose sight of us again
34%
Got swept awayIn the gray
23%
Bet I could still melt your worldArgumentative, antithetical dream girl
21%
Time can'tStop me quite like you did
14%

Score Distribution

Percentile by Number Answered

Percent of People with Each Score

Your Score History

You have not taken this quiz